Movie Quotes in Spanish Quiz Stats

 Plays Quiz Updated Feb 16, 2019

Score 0/20 Timer 07:00
4 Plays Today
Spanish Translation Movie % Correct
Houston, tenemos un problema.Apollo 13
85.2%
Un martini. Sacudido, no removido.Goldfinger
74.5%
Señora Robinson, ¿está tratando de seducirme?The Graduate
69.1%
¡Di 'hola' a mi amigo pequeño!Scarface
65.2%
¡Soy el rey del mundo!Titanic
63.8%
Me encanta el olor de napalm por la mañana.Apocalypse Now
58.9%
¿Estás hablando a mí? ¿Éstas hablando a MÍ?Taxi Driver
56.5%
Francamente, mi querida, ¡no me importa un comino!Gone with the Wind
53.6%
¡Muéstrame el dinero!Jerry Maguire
53.4%
Voy a hacerle una oferta que él no puede rechazarThe Godfather
49.7%
Spanish Translation Movie % Correct
¡No puedes afrontar la verdad!A Few Good Men
47%
Veo a gente muerta.The Sixth Sense
45.5%
Yo tengo pezones, Greg…¿Puedes ordeñarme?Meet the Parents
39.6%
Si lo construyes, él vendrá.Field of Dreams
37.4%
VolveréThe Terminator
33.4%
Pero soy cómico, ¿como? ¿Cómico como un payaso? ¿Te divierto?Goodfellas
32.7%
Lo que tenemos aqui…es un fracaso para comunicar.Cool Hand Luke
32.1%
El mejor truco que el Diablo ejecutó, fue convenciendo el mundo que él no existióThe Usual Suspects
31.5%
Caballeros, no pueden pelear aqui. ¡Es el cuarto de guerra!Dr. Strangelove
24.3%
Hoy, me considero el hombre más afortunado en la faz de la tierra.The Pride of the Yankees
20.2%

You're not logged in!

Compare scores with friends on all Sporcle quizzes.
OR
Log In

Show Comments

Extras

Top Quizzes Today


Score Distribution

Your Account Isn't Verified!

In order to create a playlist on Sporcle, you need to verify the email address you used during registration. Go to your Sporcle Settings to finish the process.

Report this User

Report this user for behavior that violates our Community Guidelines.

Details: